Biggest North-American cities in 10° rectangles, on an empty map - Statistics

General Stats
  • This quiz has been taken 46 times
    27 since last reset
  • The average score is 23 of 36
Answers on the Map
Answers color-coded by a green-red scale on the quiz's map according to % correct below.
 
Answer Stats
Answer % Correct
25.1 M Mexico City
100%
22.0 M New York
100%
17.2 M Los Angeles
96%
6.30 M Miami
92%
4.47 M Seattle
92%
6.10 M Atlanta
88%
9.65 M Chicago
88%
7.65 M Dallas
88%
7.45 M San Francisco
88%
8.55 M Washington
88%
249 k Anchorage
84%
3.85 M Denver
84%
7.05 M Houston
84%
1.46 M Calgary
80%
2.45 M San José
80%
3.22 M Minneapolis
76%
3.62 M Port-au-Prince
76%
19.8 k Nuuk
72%
348 k Halifax
68%
6.00 M Monterrey
68%
1.96 M San Salvador
68%
3.85 M Santo Domingo
68%
185 k St. John's
68%
24.7 k Juneau
64%
19.6 k Yellowknife
64%
24.5 k Whitehorse
60%
2.62 M Salt Lake City
52%
110 k Bridgetown
40%
264 k Saskatoon
40%
431 k Santiago de Cuba
32%
855 k Hermosillo
20%
92.4 k Kamloops
20%
326 k Fort Collins
12%
21.3 k Sept-Îles
12%
12.3 k Thompson
12%
1.04 M Morelia
8%
No matching quizzes found
Score Distribution
Percent of People with Each Score
Percentile by Number Answered
Your Score History
You have not taken this quiz since the last reset